| 000 | 00815nam a2200229Ia 4500 | ||
|---|---|---|---|
| 001 | 16217 | ||
| 003 | GE_BSU | ||
| 008 | 181216s||||||||xx |||||||||||||| ||und|| | ||
| 020 | _a978994116291 | ||
| 040 | _cGE_BSU | ||
| 100 | _aევგენიძე,იუზა; მინაშვილი,ლადო. | ||
| 245 | _aქართული ლიტერატურა | ||
| 245 | _bტ.ll (XlX საუკუნე) | ||
| 245 | _cრედ:ბეგო ბეჟუაშვილი | ||
| 260 | _aთბილისი | ||
| 260 | _bსაქართველოს მაცნე | ||
| 260 | _c2013 | ||
| 300 | _a590გვ;25სმ. | ||
| 653 | _aლიტერატურა | ||
| 653 | _aქართული ლიტერატურა ტ.ll (XlX საუკუნე) | ||
| 942 | _cBK | ||
| 999 |
_c49301 _d49301 |
||